Contribution à un meilleur financement des petites et moyennes entreprises par les institutions bancaires: (Record no. 47421)
[ view plain ]
| 000 -LEADER | |
|---|---|
| fixed length control field | 00924nam a22002417a 4500 |
| 003 - CONTROL NUMBER IDENTIFIER | |
| control field | 0 |
| 005 - DATE AND TIME OF LATEST TRANSACTION | |
| control field | 20160609165645.0 |
| 008 - FIXED-LENGTH DATA ELEMENTS--GENERAL INFORMATION | |
| fixed length control field | 100723t xxu||||| |||| 00| 0 eng d |
| 040 ## - SOURCE DU CATALOGAGE | |
| Original cataloging agency | BUAC |
| Transcribing agency | ENEAM |
| 041 ## - CODE DE LANGUE | |
| Language code of text/sound track or separate title | Fr |
| 100 ## - VEDETTE PRINCIPALE - NOM DE PERSONNE | |
| Personal name | DEGUENONVO, Cispat. |
| 9 (RLIN) | 7397 |
| 245 ## - TITLE STATEMENT | |
| Title | Contribution à un meilleur financement des petites et moyennes entreprises par les institutions bancaires: |
| Remainder of title | cas de la BOA-BENIN |
| Statement of responsibility, etc | / Cispat, DEGUENONVO, Gwladys, TALON. |
| 260 ## - PUBLICATION, DISTRIBUTION, ETC. (IMPRINT) | |
| Place of publication, distribution, etc | Cotonou: |
| Name of publisher, distributor, etc | ENEAM, |
| Date of publication, distribution, etc | 2009. |
| 300 ## - PHYSICAL DESCRIPTION | |
| Extent | 60 p. |
| Accompanying material | CD ROM. |
| 501 ## - WITH NOTE | |
| With note | Mémoire de fin de formation ( cycle I) ENEAM pour l'obtention du Diplôme de Technicien Supérieur.<br/>Publié avec la version électronique du mémoire. |
| 504 ## - BIBLIOGRAPHY, ETC. NOTE | |
| Bibliography, etc | Comprend: bibliogr. |
| 600 ## - SUBJECT ADDED ENTRY--PERSONAL NAME | |
| Personal name | TALON, Gwladys |
| 9 (RLIN) | 7398 |
| 650 ## - SUBJECT ADDED ENTRY--TOPICAL TERM | |
| Topical term or geographic name as entry element | GESTION DES BANQUES |
| 9 (RLIN) | 7445 |
| 650 ## - SUBJECT ADDED ENTRY--TOPICAL TERM | |
| Topical term or geographic name as entry element | FINANCEMENT DES PME |
| 9 (RLIN) | 7446 |
| 650 ## - SUBJECT ADDED ENTRY--TOPICAL TERM | |
| Topical term or geographic name as entry element | INSTITUTIONS BANCAIRES |
| 9 (RLIN) | 7447 |
| 650 ## - SUBJECT ADDED ENTRY--TOPICAL TERM | |
| Topical term or geographic name as entry element | BOA-BENIN |
| 9 (RLIN) | 7448 |
| 942 ## - ADDED ENTRY ELEMENTS (KOHA) | |
| Koha item type | Thèse et Memoire |
| Withdrawn status | Lost status | Damaged status | Not for loan | Location (home branch) | Sublocation or collection (holding branch) | Date acquired | Koha issues (times borrowed) | Koha full call number | Koha date last seen | Price effective from | Koha item type | Public note |
|---|---|---|---|---|---|---|---|---|---|---|---|---|
| Bibliothèque de l'Ecole Nationale d'Economie Appliquée et de Management | Bibliothèque de l'Ecole Nationale d'Economie Appliquée et de Management | 24/07/2010 | 2009/BAN/002 | 24/07/2010 | 24/07/2010 | Thèse et Memoire | Exclu du prêt | |||||
| Bibliothèque de l'Ecole Nationale d'Economie Appliquée et de Management | Bibliothèque de l'Ecole Nationale d'Economie Appliquée et de Management | 24/07/2010 | 2009/BAN/002 | 24/07/2010 | 24/07/2010 | Thèse et Memoire | Exclu du prêt |